00410nam a2200145Ia 4500003000400000005001700004008004100021040001800062041000800080100005300088110002000141245003700161260002000198710004600218OSt20260305112454.0211028s2007 xx 000 0 und d cAIMIT LIBRARY aeng aSaldanha, Sohan Philip; Tantri, Somya.g40911062 aTantri, Sowmya. aSupply chain management system / aMangalorec2007 aFidelity Business Solutions India Pvt Ltd